000 00485nam a2200181Ia 4500
005 20250923145953.0
008 008 250917s9999 xx 000 0 eng d
037 _aTextual
040 _aDSWL
_beng
_cDSWL
041 _aeng
_2eng
084 _qDSWL
100 _aSriram, T.G.
_9840856
245 0 _aManual of Psychotherapy for Medical Officers
_c by T.G. Sriram
260 _aBangalore
_b N.I.M.N.N.
_c1990
300 _a60 p.
942 _cTEXL
999 _c1457970
_d1457970